Statistics for Formula 1 Drivers in 1992

Click here to take the quiz!

General Stats

  • This quiz has been taken 71 times
  • The average score is 18 of 39

Answer Stats

Team(s)AnswerCountry% Correct
McLaren-HondaAyrton SennaBrazil
98%
Benetton-FordMichael SchumacherGermany
97%
Williams-RenaultNigel MansellUnited Kingdom
97%
Lotus-FordMika HäkkinenFinland
89%
McLaren-HondaGerhard BergerAustria
86%
Williams-RenaultRiccardo PatreseItaly
80%
FerrariJean AlesiFrance
78%
Brabham-JuddDamon HillUnited Kingdom
69%
Ligier-RenaultThierry BoutsenBelgium
66%
Benetton-FordMartin BrundleUnited Kingdom
64%
Lotus-FordJohnny HerbertUnited Kingdom
61%
Dallara-FerrariJyrki JärvilehtoFinland
58%
Footwork-Mugen-HondaMichele AlboretoItaly
50%
FerrariIvan CapelliItaly
47%
FerrariNicola LariniItaly
47%
Footwork-Mugen-HondaAguri SuzukiJapan
44%
Tyrrell-IlmorAndrea de CesarisItaly
44%
Andrea Moda-JuddRoberto MorenoBrazil
41%
Dallara-FerrariPierluigi MartiniItaly
39%
Venturi-LamborghiniUkyo KatayamaJapan
39%
Minardi-LamborghiniChristian FittipaldiBrazil
36%
Jordan-YamahaStefano ModenaItaly
36%
March-IlmorKarl WendlingerAustria
34%
Minardi-LamborghiniGianni MorbidelliItaly
31%
Jordan-YahamaMaurício GugelminBrazil
31%
Andrea Moda-JuddPerry McCarthyUnited Kingdom
31%
Fondmetal-Ford, Brabham-JuddEric van de PoeleBelgium
30%
Venturi-LamborghiniBertrand GachotFrance
28%
Ligier-RenaultÉrik ComasFrance
27%
Brabham-JuddGiovanna AmatiItaly
27%
Minardi-FerrariAlessandro ZanardiItaly
23%
Andrea Moda-JuddAlex CaffiItaly
23%
March-IlmorJan LammersNetherlands
22%
Tyrrell-IlmorOlivier GrouillardFrance
22%
Andrea-Moda-JuddEnrico BertaggiaItaly
20%
Fondmetal-FordGabriele TarquiniItaly
19%
Fondmetal-FordAndrea ChiesaSwitzerland
16%
March-IlmorPaul BelmondoFrance
16%
March-IlmorEmanuele NaspettiItaly
14%

Score Distribution

Percentile by Number Answered

Percent of People with Each Score

Your Score History

You have not taken this quiz